• 首页
  • 本馆介绍
  • 公告通知
  • 最新文献
  • 馆藏检索
  • 电子资源
  • 读者导购
  • 参考咨询
  • 我的图书馆
  • 登录
  • 详细信息显示
  • 放入我的书架
  • 预约/预借图书
  • 作者相关作品
  • 分类相关作品
  • 丛书相关作品
  • 出版社相关作品

书目信息

  • 表格格式
  • 工作单格式
  • 卡片格式
题名:
地中海奇迹
    
 
作者: 白献竞 , 高晶 编著
分册:  
出版信息: 北京   海潮出版社  2006
页数: 245页
开本: 24cm
丛书名: 古代文明探索之旅系列丛书
单 册:
中图分类: K545.3 , K126
科图分类:
主题词: 文化史--古希腊 , 文化史--古罗马 , 文化史 , 南欧--历史
电子资源:
ISBN: 7-80213-081-6
000 01415nam0 2200421 450
000 01380nam0 2200409 450
000 01343nam0 2200397 450
000 01273nam0 2200373 450
000 01202oam2 2200349 450
001 003067248
005 20060329134823.0
010    @a7-80213-081-6@dCNY29.00
035    @a003067248
092    @aCN@b546867
100    @a20060104d2006 em y0chiy0110 ea
101 0  @achi
102    @aCN@b110000
105    @aa z 000yy
106    @ar
200 1  @a地中海奇迹@Adi zhong hai qi ji@e正说古希腊罗马文明@f白献竞,高晶编著@Fbai xian jing, gao jing bian zhu
210    @a北京@c海潮出版社@d2006
215    @a245页@c图@d24cm
225 2  @a古代文明探索之旅系列丛书
330    @a本书内容包括:古希腊罗马的光荣、战争与征服、古希腊文化的繁荣、古希腊的哲学精神、文学艺术与戏剧、社会风俗与政治、希腊罗马神话、希腊罗马建筑等。
461  0 @1001003077750@12001 @a古代文明探索之旅系列丛书
517 1  @a正说古希腊罗马文明@Azheng shuo gu xi la luo ma wen ming
606 0  @a文化史@y古希腊
606 0  @a文化史@y古罗马
606 0  @a文化史
606 0  @a南欧@x历史
690    @aK545.3@v4
690    @aK126@v4
701  0 @a白献竞@Abai xian jing@f(1948.2~)@4编著
701  0 @a高晶@Agao jing@c(女,@f1963.4~)@4编著
801  0 @aCN@bNLC@c20060403
905    @aBZT@dK545.3@e1
906    @dCNY29.00@n0@r1
    
    地中海奇迹:正说古希腊罗马文明/白献竞,高晶编著.-北京:海潮出版社,2006
    245页:图;24cm.-(古代文明探索之旅系列丛书)
    
    
    ISBN 7-80213-081-6:CNY29.00
    本书内容包括:古希腊罗马的光荣、战争与征服、古希腊文化的繁荣、古希腊的哲学精神、文学艺术与戏剧、社会风俗与政治、希腊罗马神话、希腊罗马建筑等。
●
相关链接 在五车中查询图书 在当当中查询图书 在豆瓣中查询图书


正题名:地中海奇迹     索取号:K545.3/1         预约/预借

序号 登录号 条形码 馆藏地/架位号 状态 备注
1 647687   2000647687   中心书库南/020架B面2层5列/ [索取号:K545.3/1] 在馆    
2 647688   2000647688   中心书库南/020架B面2层5列/ [索取号:K545.3/1] 在馆    
3 647689   2000647689   中心书库南/020架B面2层5列/ [索取号:K545.3/1] 在馆    
4 647690   2000647690   中心书库南/020架B面2层5列/ [索取号:K545.3/1] 在馆    
5 647691   2000647691   中心书库南/020架B面2层5列/ [索取号:K545.3/1] 在馆    
6 647692   2000647692   中心书库南/020架B面2层5列/ [索取号:K545.3/1] 在馆    
7 647693   2000647693   中心书库南/020架B面2层5列/ [索取号:K545.3/1] 在馆    
8 647694   2000647694   中心书库南/020架B面2层5列/ [索取号:K545.3/1] 在馆    
9 647695   2000647695   中心书库南/020架B面2层5列/ [索取号:K545.3/1] 在馆    
10 647696   2000647696   中心书库南/020架B面2层5列/ [索取号:K545.3/1] 在馆    
山东省滨州职业学院图书馆 欢迎您!
大连网信软件有限公司© 版权所有